Welcome to the Holygrace Academy Library

Please use search bar below to get started

RAJA, THE KING (Record no. 4581)

MARC details
000 -LEADER
fixed length control field 00249nam a22001097a 4500
082 ## - DEWEY DECIMAL CLASSIFICATION NUMBER
Classification number 823
Item number ORI/R
100 ## - MAIN ENTRY--AUTHOR NAME
Personal name ORIENT LONGMAN
245 ## - TITLE STATEMENT
Title RAJA, THE KING
260 ## - PUBLICATION, DISTRIBUTION, ETC. (IMPRINT)
Place of publication HYDERABAD
Name of publisher ORIENT LONGMAN
Year of publication 1992
650 ## - SUBJECT ADDED ENTRY--TOPICAL TERM
Topical Term PASSAGE LEAFLETS
Geographic subdivision INDIA
942 ## - ADDED ENTRY ELEMENTS (KOHA)
Koha item type Books
Holdings
Withdrawn status Lost status Collection code Home library Current library Shelving location Date acquired Source of acquisition Full call number Accession Number Koha item type
    Reference Main Library Main Library SHELF 15A- T SECTIO NOVELS& FICTION & LEAFLET BOOKS 20/11/2023 purchase 823 ORI/R 02189 Books